Представление документа в формате MARC21

Поле Инд. ПП Название Значение
Тип записи a
Библиографический уровень m
001 Контрольный номер ce7e8df9-f54d-43e6-ad87-0b70494455ea
005 Дата корректировки 20210514123053.7
008 Кодируемые данные 001213 d
020 a ISBN 5-7331-043-5
c Цена, тираж 60.00
080 a Индекс УДК 882.09
a Индекс УДК 929Достоевский
084 a Индекс другой классификации/Индекс ББК Ш5(2=411.2)52-4Достоевский Ф.М.1
090 x Авторский знак Л52
a Полочн. индекс Ш5(2=411.2)
245 00 a Заглавие Летопись жизни и творчества Ф.М. Достоевского, 1821-1881
n Номер части/ раздела Т.1
p Название части/ раздела 1821-1864
b Продолж. заглавия В 3 т.
c Ответственность [Ин-т рус.лит.(Пушкин.дом) Рос.АН; Под ред.Н.Ф.Будановой, Г.М.Фридлендера; Сост.И.Д. Якубович,Т.И. Орнатская]
260 0_ a Место издания СПб.
b Издательство Гуманит.агентство"Акад.проект"
c Дата издания 1999
300 a Объем 530,[6]с.,[4]л.ил.
b Иллюстрации/ тип воспроизводства ил.
504 a Библиография Библиогр.:с.501-505.- Указ.имен.,произведений: с.506-530
583 a Действие Получение впервые 169 19.05.2000
k Исполнитель действия Мегапроект "Пушкинская библиотека"
650 04 a Основная рубрика Достоевский, Федор Михайлович, о нем
x Основная подрубрика Хронология
650 04 a Основная рубрика Русская литература
x Основная подрубрика История
y Хронологическая подрубрика 19 в.
653 0_ a Ключевые слова Русская литература
a Ключевые слова Достоевский
a Ключевые слова Писатели
a Ключевые слова Русские писатели
a Ключевые слова Персоналии
700 1_ a Другие авторы Якубович И.Д.
e Роль лиц сост.
700 1_ a Другие авторы Орнатская Т.И.
e Роль лиц сост.
700 1_ a Другие авторы Буданова Нина Федотовна
e Роль лиц ред.
700 1_ a Другие авторы Фридлендер Г.М.
e Роль лиц ред.
852 41 t Порядковый номер экземпляра 1
p Инвентарный номер 722728
888 a За счет средств университета /частично/
901 t Тип документа m
930 a Новая/Ретро персоналии
952 p 169.2000 60.00 1 722728
c Вид литературы К рн
954 a Дата поступления на обработку 20000531
999 a Подразделение 2 ч.з.